Normal view
MARC view
- Transición de la escuela al trabajo
Entry Materia
001 - NÚMERO DE CONTROL DEL REGISTRO
- campo de control: 21453
003 - IDENTIFICADOR DE NUMERO DE CONTROL
- campo de control: MX-MxUPN
005 - FECHA Y HORA DE LA ÚLTIMA TRANSACCIÓN
- campo de control: 20240912132717.0
008 - DATOS DE LONGITUD FIJA
- campo de control de longitud fija: 240912nn annnnbabn b ana |d
035 ## - NÚMERO DE CONTROL DEL SISTEMA
- Número de control del sistema: UPN10000021462
040 ## - FUENTE DE LA CATALOGACIÓN
- Centro catalogador de origen: MX-MxUPN
- Lengua de catalogación: spa
150 ## - ENCABEZAMIENTO - TEMÁTICO
- Término de materia o nombre geográfico como elemento inicial: Transición de la escuela al trabajo
670 ## - FUENTE EN LA QUE SE LOCALIZARON DATOS
- Cita de la fuente: Autoridades LC, 12 septiembre 2024 :
- Información localizada: (School-to-work transition)
- Identificador Uniforme del Recurso: https://lccn.loc.gov/sh93009339
902 ## - CATALOGADOR
- Catalogador: CAA/130600
- Catalogador: VíctorGodínez/120924
